000 00438nam a2200157Ia 4500
003 IN-BaIIA
008 211028s9999 xx 000 0 eng d
040 _cIIA Library
080 _a(035)621.83
_bDUD
100 _aDudley Darle,W.
_99741
245 0 _aGear handbook
_cW. Dudley Darle
260 _aNew York
_bMcGraw-Hill
_c1962
300 _a[various pagings.]
650 _aGears
942 _cBK
999 _c5609
_d5609